| 000 | 00577cab a2200229 4500 | ||
|---|---|---|---|
| 001 | X3436 | ||
| 008 | 090401t1996 xxu||||| |||| 00| 0 eng d | ||
| 035 | _a(Sirsi) u30495 | ||
| 041 | _aeng | ||
| 245 | _aJO`s initiative in Bristol tackles homelessness | ||
| 260 | _c1996 | ||
| 350 | _a0 | ||
| 490 |
_aCSM (Chartered Surveyor Monthly) _v5(7) April 1996, 57(1) |
||
| 650 | _aBRISTOL | ||
| 650 | _aCOLD WEATHER GROUP | ||
| 650 | _aHOMELESSNESS | ||
| 650 | _aSHELTER | ||
| 650 | _aSURVEYORS IN THE COMMUNITY | ||
| 690 | _aHOUSING | ||
| 942 | _n0 | ||
| 948 | _c04/03/1997 | ||
| 999 |
_c20561 _d20561 |
||